Pays les plus proches du Cambodge - Statistiques

Statistiques générales
  • Ce quiz a été pris 132 fois
  • Le résultat moyen est 17 sur 20
Statistiques - réponses
km pays % Correct
773 Chine
100%
0 Laos
98%
0 Viêt Nam
98%
1090 Inde
97%
0 Thaïlande
97%
768 Indonésie
95%
405 Malaisie
92%
324 Birmanie
91%
1943 Japon
89%
2789 Corée du Sud
86%
1141 Philippines
85%
1330 Bangladesh
83%
998 Singapour
83%
2060 Népal
78%
1606 Taïwan
75%
2337 Sri Lanka
74%
1805 Bhoutan
70%
1111 Brunei
66%
2988 Timor-Leste
66%
3001 Palaos
30%
Aucun quiz correspondant
Distribution des résultats
% des personnes avec chaque résultat
Percentile par nombre de réponses
Votre historique - résultats
Vous n’avez pas pris ce quiz